| 000 | 00484nam a2200169 4500 | ||
|---|---|---|---|
| 001 | 126534 | ||
| 003 | ES-MaACL | ||
| 005 | 20241115063036.0 | ||
| 007 | t| | ||
| 008 | 070214s1969 sp r ||||1| spa d | ||
| 100 | 1 |
_aRepollés, José _9239299 |
|
| 245 | 1 | 3 |
_aEl amor en los pueblos primitivos / _cJosé Repollés Aguilar. |
| 260 |
_aBarcelona : _bGassó, _c1969. |
||
| 300 |
_a423 p. ; _c22 cm. |
||
| 852 |
_aES-MaACL _jC-38120 _bR.71699 |
||
| 999 |
_c126534 _d126534 |
||